000 01201nam a2200361 a 4500
001 000113785
003 CHAP
005 20240620145340.0
007 cr ||||||a|c|a
008 170925s2017 mx sm |||||||spa d
040 _cCHAP
090 _aTesis
100 1 _aArzeta Ríos, Abraham Jesús
_9128659
245 1 0 _aDinámica de fluidos computacional de un biorreactor en codigestión anaeróbica /
_cAbraham Jesús Arzeta Ríos.
260 _aC
264 1 _ahapingo, Méx. :
_bEl autor,
_c2017.
300 _a1 recurso en línea (68 páginas).
336 _2rdacontent
_atexto
_btxt
337 _2rdamedia
_acomputadora
_bc
338 _2rdacarrier
_arecursos en línea
502 _bMIAUIA
_cIrrigación y Mecánica
_d2017.
_gMAE
590 _aBATCH-UPD
_b05
_c20170925
590 _aBATCH
_b00
_c20181121
590 _aE11695DGD
_b10
_c20170928
590 _aE6337LMJ
_b05
_c20170925
590 _aE6337LMJ
_b05
_c20170925
650 1 4 _aBiocombustibles
_xProducción.
_9129610
650 1 4 _aReactor anaeróbico
_xDinámica de fluidos.
_9133430
650 1 4 _aReología.
_995982
856 _uhttp://10.13.5.2/tesis/sist113785.pdf
_zDESCARGAR PDF
999 _c110246
_d110246